Sơ đồ hạch toán bài tập và lập báo cáo tài chính hành chính sự nghiệp Phương pháp lập báo cáo tài chính đơn vị hành chính sự nghiệp

Nội dung cuốn sách gồm 4 phần: Sơ đồ hạch toán kế toán; Bài tập thực hành kế toán; nội dung và phương pháp lập báo cáo tài chính đơn vị hành chính sự nghiệp; và hệ thống mục lục Ngân sách Nhà nước....

Deskribapen osoa

Gorde:
Xehetasun bibliografikoak
Egile nagusia: Phạm, Xuân Lực
Formatua: Liburua
Hizkuntza:Undetermined
Argitaratua: Hà Nội Thống Kê 1997
Gaiak:
Etiketak: Etiketa erantsi
Etiketarik gabe, Izan zaitez lehena erregistro honi etiketa jartzen!
Thư viện lưu trữ: Trung tâm Học liệu Trường Đại học Cần Thơ
LEADER 01051nam a2200205Ia 4500
001 CTU_22023
008 210402s9999 xx 000 0 und d
082 |a 657 
082 |b L552/T.3 
100 |a Phạm, Xuân Lực 
245 0 |a Sơ đồ hạch toán bài tập và lập báo cáo tài chính hành chính sự nghiệp 
245 0 |b Phương pháp lập báo cáo tài chính đơn vị hành chính sự nghiệp 
245 0 |c Phạm Xuân Lực, Nguyễn Văn Nhiệm 
260 |a Hà Nội 
260 |b Thống Kê 
260 |c 1997 
520 |a Nội dung cuốn sách gồm 4 phần: Sơ đồ hạch toán kế toán; Bài tập thực hành kế toán; nội dung và phương pháp lập báo cáo tài chính đơn vị hành chính sự nghiệp; và hệ thống mục lục Ngân sách Nhà nước. 
650 |a Accounting 
904 |i Nguyên sửa 
980 |a Trung tâm Học liệu Trường Đại học Cần Thơ